000 00681nam a22001817a 4500
003 UA-OsUOA
001 17559
007 ta
008 20040315b un ||||| |||| 00| 0 ukr d
100 _aБасараба в.
942 _cSA
040 _aUA-OsUOA
_cUA-OsUOA
_dUA-OsUOA
245 _a"Думи мої, думи ..." : В обл. муз.-драм. театрі відбувся літ.-мист. вечір , присвячений 190-річчю від дня народження Т.Шевченка
300 _aС.11
955 _a0
773 0 _w0
_tВільне слово
_dРівне
_d2004
_g№19/5 берез./
650 7 _aКраєзнавча робота
_2UDC
999 _c303727
_d303727